Movies Quiz

Random Movies or Actor Quiz

Oscar Best Actor Nominees 1970-2013 Quiz Stats

 Plays Quiz not verified by Sporcle

Challenge
Share
Tweet
Embed
Score 0/220 Timer 15:00
0 Plays Today
Year Actor % Correct
1988Tom Hanks
98.8%
1993*Tom Hanks
98.8%
1994*Tom Hanks
98.8%
1998Tom Hanks
98.8%
2000Tom Hanks
98.8%
1973Jack Nicholson
98.5%
1974Jack Nicholson
98.5%
1975*Jack Nicholson
98.5%
1985Jack Nicholson
98.5%
1987Jack Nicholson
98.5%
1997*Jack Nicholson
98.5%
2002Jack Nicholson
98.5%
1974Dustin Hoffman
98.4%
1979*Dustin Hoffman
98.4%
1982Dustin Hoffman
98.4%
1988*Dustin Hoffman
98.4%
1997Dustin Hoffman
98.4%
2013Leonardo DiCaprio
98.2%
1976Robert DeNiro
98.2%
1978Robert DeNiro
98.2%
1980*Robert DeNiro
98.2%
1990Robert DeNiro
98.2%
1991Robert DeNiro
98.2%
2012*Daniel Day-Lewis
98.2%
2012Denzel Washington
98.2%
1995Sean Penn
98.1%
1999Sean Penn
98.1%
2001Sean Penn
98.1%
2003*Sean Penn
98.1%
2008*Sean Penn
98.1%
1992Denzel Washington
98%
1999Denzel Washington
98%
2001*Denzel Washington
98%
2005*Philip Seymour Hoffman
98%
2003Johnny Depp
98%
2004Johnny Depp
98%
2007Johnny Depp
98%
1989Tom Cruise
97.9%
1996Tom Cruise
97.9%
1973Al Pacino
97.8%
1974Al Pacino
97.8%
1975Al Pacino
97.8%
1979Al Pacino
97.8%
1992*Al Pacino
97.8%
1999Russell Crowe
97.8%
2000*Russell Crowe
97.8%
2001Russell Crowe
97.8%
1989Morgan Freeman
97.8%
1994Morgan Freeman
97.8%
2011Brad Pitt
97.8%
2001Will Smith
97.6%
2006Will Smith
97.6%
1989*Daniel Day-Lewis
97.4%
1993Daniel Day-Lewis
97.4%
2002Daniel Day-Lewis
97.4%
2007*Daniel Day-Lewis
97.4%
2004Leonardo DiCaprio
97.4%
2006Leonardo DiCaprio
97.4%
1997Matt Damon
97.3%
2008Brad Pitt
97.3%
1987Robin Williams
96.8%
1989Robin Williams
96.8%
1991Robin Williams
96.8%
2009Morgan Freeman
96.7%
2011George Clooney
96.6%
1992Clint Eastwood
96.6%
2004Clint Eastwood
96.6%
1972*Marlon Brando
96.5%
1973Marlon Brando
96.5%
2007George Clooney
96.3%
1977John Travolta
96.3%
1994John Travolta
96.3%
2010*Colin Firth
96.1%
2009George Clooney
95.9%
Year Actor % Correct
2010Jeff Bridges
95.8%
1999*Kevin Spacey
95.5%
2012Joaquin Phoenix
95.5%
1991*Anthony Hopkins
95.2%
1993Anthony Hopkins
95.2%
1995Anthony Hopkins
95.2%
2009*Jeff Bridges
94.9%
1995*Nicolas Cage
94.7%
2002Nicolas Cage
94.7%
1987*Michael Douglas
94.7%
2004*Jamie Foxx
94.6%
2005Heath Ledger
94.6%
2012Bradley Cooper
94.4%
1984Jeff Bridges
94.1%
2005Joaquin Phoenix
93.8%
2002*Adrien Brody
93.5%
1982*Ben Kingsley
93.2%
2003Ben Kingsley
93.2%
2006*Forest Whitaker
93.2%
2008Mickey Rourke
92.9%
1981Paul Newman
92.9%
1982Paul Newman
92.9%
1986*Paul Newman
92.9%
1994Paul Newman
92.9%
2013Christian Bale
92.6%
2003Bill Murray
92.4%
1976Sylvester Stallone
92.3%
1998Edward Norton
92.1%
2012Hugh Jackman
92%
1990Kevin Costner
91.9%
2010James Franco
91.6%
1977Woody Allen
90.7%
1971*Gene Hackman
90.6%
1988Gene Hackman
90.6%
1993Liam Neeson
90.5%
1970Jack Nicholson
90.2%
2009Colin Firth
89.3%
1996Ralph Fiennes
89.2%
1996*Geoffrey Rush
88.8%
2000Geoffrey Rush
88.8%
2010Jesse Eisenberg
88.7%
2011Gary Oldman
88.3%
2007Tommy Lee Jones
88.3%
1981*Henry Fonda
88.2%
1997Peter Fonda
87.7%
2013*Matthew McConaughey
87.6%
2003Jude Law
87.5%
1973Robert Redford
87.4%
2004Don Cheadle
87.4%
1972Michael Caine
87.2%
1983Michael Caine
87.2%
2002Michael Caine
87.2%
1996Woody Harrelson
87.2%
1980Robert Duvall
87%
1983*Robert Duvall
87%
1997Robert Duvall
87%
1985Harrison Ford
86.7%
1978Warren Beatty
86.6%
1981Warren Beatty
86.6%
1991Warren Beatty
86.6%
1985*William Hurt
86.4%
1986William Hurt
86.4%
1987William Hurt
86.4%
1992Robert Downey Jr.
86.3%
1980John Hurt
86.2%
1970Melvyn Douglas
86.1%
1998*Roberto Benigni
85.2%
2010Javier Bardem
85.2%
2000Ed Harris
85.1%
2013Bruce Dern
85%
1990Richard Harris
84.7%
1977*Richard Dreyfuss
84.7%
1995Richard Dreyfuss
84.7%
2009Jeremy Renner
84.2%
Year Actor % Correct
1984*F. Murray Abraham
84.2%
1971George C. Scott
83.7%
1996Billy Bob Thornton
83%
2011*Jean Dujardin
83%
2008Frank Langella
82.3%
1972Peter O'Toole
81.6%
1980Peter O'Toole
81.6%
1982Peter O'Toole
81.6%
2006Peter O'Toole
81.6%
1970James Earl Jones
81.2%
2007Viggo Mortensen
80.8%
1970*George C. Scott
79.9%
1990*Jeremy Irons
79.7%
1973*Jack Lemmon
79.6%
1979Jack Lemmon
79.6%
1980Jack Lemmon
79.6%
1982Jack Lemmon
79.6%
1971Peter Finch
78.7%
1976*Peter Finch
78.7%
1991Nick Nolte
78.4%
1998Nick Nolte
78.4%
1978*Jon Voight
77.7%
1985Jon Voight
77.7%
1998Ian McKellen
77%
2006Ryan Gosling
76.7%
2005Terrence Howard
75.5%
1993Laurence Fishburne
74.7%
2013Chiwetel Ejiofor
73.9%
2000Javier Bardem
73.9%
1989Kenneth Branagh
72.7%
1981Dudley Moore
72.6%
1984Tom Hulce
72.6%
1972Laurence Olivier
72%
1978Laurence Olivier
72%
2001Tom Wilkinson
69.6%
1990Gerard Depardieu
69.3%
1970Ryan O'Neal
68.4%
2005David Strathairn
68%
1992Stephen Rea
66.9%
1974Albert Finney
66.1%
1983Albert Finney
66.1%
1984Albert Finney
66.1%
1971Topol
65.2%
1979Peter Sellers
65.2%
2008Richard Jenkins
64.9%
1974*Art Carney
64.3%
1978Gary Busey
63.9%
1971Walter Matthau
63.7%
1975Walter Matthau
63.7%
1988Edward James Olmos
63.1%
1979Roy Scheider
61.3%
1976William Holden
60.3%
1981Burt Lancaster
59.9%
1986James Woods
59.7%
1999Richard Farnsworth
58.6%
1984Sam Waterston
58.3%
1977Richard Burton
57.7%
1994Nigel Hawthorne
56.6%
1986Bob Hoskins
56.4%
2011Demian Bichir
55.6%
1988Max von Sydow
51.4%
1985James Garner
50.9%
1995Massimo Troisi
47.1%
1977Marcello Mastroianni
44.3%
1987Marcello Mastroianni
44.3%
1983Tom Conti
43.7%
1972Paul Winfield
42.3%
1983Tom Courtenay
42%
1975Maximillian Schell
41.7%
1986Dexter Gordon
38.6%
1975James Whitmore
37.3%
1976Giancarlo Giannini
35%

You're not logged in!

Compare scores with friends on all Sporcle quizzes.
OR
Log In

You Might Also Like...

Show Comments

Extras

Top Quizzes Today


Score Distribution

Your Account Isn't Verified!

In order to create a playlist on Sporcle, you need to verify the email address you used during registration. Go to your Sporcle Settings to finish the process.

Report this User

Report this user for behavior that violates our Community Guidelines.

Details: